| 000 | 00753nam0a2200277 i 4500 | ||
|---|---|---|---|
| 001 | RU\NLR\BIBL_A\011339052 | ||
| 005 | 20240727000726.0 | ||
| 010 |
_a9785751614058 _91000 |
||
| 021 |
_aRU _b2017-7800 _9572 |
||
| 035 | _a(NLR Aleph) 011339052 | ||
| 090 |
_a11181989 _c11181989 |
||
| 100 | _a20170303d2017 u y0rusy50 ca | ||
| 101 | 0 | _arus | |
| 102 | _aRU | ||
| 105 | _ay z 000ay | ||
| 200 | 1 |
_aИзраиль в Москве _eповесть _fЕфим Лехт |
|
| 210 |
_aМосква _cТекст _d2017 |
||
| 215 |
_a156, [2] с. _d17 |
||
| 333 | _a16+ | ||
| 686 | 2 | _aШ6(2=Р)8-440.4 | |
| 700 | 1 |
_aЛехт _bЕ.А. _gЕфим А |
|
| 942 | _cBOOK | ||
| 980 | _aNBR | ||